00510nam a2200181Ii 45000010005000000030009000050080041000140400033000550410008000880820015000961000020001112450045001312640059001763000012002353360026002473370028002733380027003014076CO-ViMGA241108s9999||||xx |||||||||||||| ||und|| aCO-ViMGAbspaerdacCO-ViMGA0 aunk04a408.9-T4751 aJorge Tzebrikov10aManual para el estudio de la lengua rusa 1a[Lugar de publicación no identificado] : Bosch, 1959 avolumen atextbtxt2rdacontent aunmediatedbn2rdamedia avolumebnc2rdacarrier